000 00836cam a2200241 4500
001 BD-DhSAU 6952
003 BD-DhSAU
005 20150516104744.0
008 741104m1973 ii a rb 001 0 eng
040 _aBD-DhSAU
082 0 0 _a343.076
_222
_bWAA
100 1 _aWadhwa, D. C.,
_d1933-
245 1 0 _aAgrarian legislation in India, 1793-1966 vol 1 /
_cby D. C. Wadhwa.
260 _aPoona :
_bGokhale Institute of Politics and Economics,
_cc1973.
300 _av, 868 p. :
_c26 cm.
440 0 _aGokhale Institute studies ;
_vno. 61
504 _aIncludes index.
590 _ajoy
650 0 _aAgricultural laws and legislation
_zIndia
_xBibliography.
650 0 _aLand tenure
_xLaw and legislation
_zIndia
_xBibliography.
650 0 _aPlant pathology.
650 0 _aAgriculture
_xTaxation
_xLaw and legislation
_zIndia
_xBibliography.
942 _2ddc
_cBOOK
999 _c6952
_d6952